000 00566nam a2200193 a 4500
003 PILC
005 20150112093438.0
008 100722s19uu xx 00 eng d
020 _a0071438521
050 _aHF 5383
_b.R4376 2005
082 _aMnSF 658.306
_bR31 2005
100 _aMcGraw-Hill
_916981
245 _aResumes for first-time job hunters :
_bwith sample covers /
260 _aNew York :
_bMcGraw-Hill Companies, Inc,
_c2005.
300 _a166 pages :
_c28 cm.
650 _aResume
_916982
650 _aResume - cover letter
_916983
942 _2lcc
_cBK
999 _c14642
_d14642